[Event "NJSK 2019 Jeugd B"]
[Site "Assen, Netherlands"]
[Date "2019.04.28"]
[Round "1.1"]
[White "Hilwerda, Jonas"]
[Black "Albertus, Bram"]
[Result "1-0"]
[WhiteElo "2312"]
[BlackElo "1887"]
[PlyCount "75"]
[EventDate "2019.??.??"]

1. e4 c5 2. Nf3 e6 3. d4 cxd4 4. Nxd4 Nc6 5. Nc3 Qc7 6. g3 a6 7. Bg2 Nf6 8. O-O
Be7 9. Re1 O-O 10. Nxc6 dxc6 11. f4 e5 12. f5 Rd8 13. Qf3 b5 14. Be3 Bb7 15. g4
b4 16. Ne2 c5 17. Ng3 Ne8 18. g5 f6 19. h4 c4 20. Kh1 a5 21. Nh5 Ra6 22. Qg4
Rad6 23. Bf3 R6d7 24. Rg1 Qc6 25. Rg2 Rc8 26. Rag1 Rcc7 27. Qg3 a4 28. gxf6
Bxf6 29. Bg5 b3 30. Bxf6 Nxf6 31. Qxe5 Re7 32. Qxf6 Qxf6 33. Nxf6+ Kf7 34. Nxh7
bxa2 35. Rxg7+ Ke8 36. Nf6+ Kf8 37. Rg8+ Kf7 38. Nh7 1-0

[Event "NJSK 2019 Jeugd B"]
[Site "Assen, Netherlands"]
[Date "2019.04.28"]
[Round "1.2"]
[White "Cchung, Chi Yun"]
[Black "Bruil, Rembrandt"]
[Result "0-1"]
[WhiteElo "1836"]
[BlackElo "2178"]
[PlyCount "96"]
[EventDate "2019.??.??"]

1. e4 c5 2. Nf3 Nc6 3. d4 cxd4 4. Nxd4 g6 5. c4 Bg7 6. Be3 Nf6 7. Nc3 O-O 8.
Be2 d6 9. O-O Bd7 10. Qd2 Nxd4 11. Bxd4 Bc6 12. f3 a5 13. b3 Nd7 14. Be3 Nc5
15. Rac1 e6 16. Rfd1 Be5 17. Bh6 Re8 18. Nb5 Qe7 19. Bg5 f6 20. Be3 Bxb5 21.
cxb5 f5 22. exf5 gxf5 23. Bf4 Bxf4 24. Qxf4 Rad8 25. b6 Kh8 26. a3 Nxb3 27. Rc7
Rd7 28. Rxd7 Qxd7 29. Bc4 e5 30. Qh6 Nd4 31. Qf6+ Qg7 32. Qxg7+ Kxg7 33. Bd5
Re7 34. Kf2 Nb5 35. Rd3 Kf6 36. a4 Nd4 37. Rc3 Ne6 38. Rc8 Nc5 39. Rc7 Nxa4 40.
Rxb7 Rxb7 41. Bxb7 Nxb6 42. Ke3 d5 43. g3 a4 44. Kd3 e4+ 45. fxe4 fxe4+ 46. Kd4
a3 47. Kc3 e3 48. Ba6 Nc4 0-1

[Event "NJSK 2019 Jeugd B"]
[Site "Assen, Netherlands"]
[Date "2019.04.28"]
[Round "1.3"]
[White "Elgersma, Onno"]
[Black "Gevorkjan, Lewon"]
[Result "1-0"]
[WhiteElo "2174"]
[BlackElo "1808"]
[PlyCount "69"]
[EventDate "2019.??.??"]

1. e4 e6 2. d4 d5 3. Nc3 Nf6 4. e5 Nfd7 5. f4 a6 6. Nf3 c5 7. Be3 cxd4 8. Nxd4
Nc6 9. Qd2 Nxd4 10. Bxd4 Be7 11. Bd3 b6 12. O-O g6 13. Nd1 Nc5 14. Ne3 Nxd3 15.
Qxd3 h5 16. Rfd1 b5 17. c3 Bd7 18. Nxd5 Bc6 19. Ne3 Qc7 20. Rac1 Qb7 21. Qe2
Rd8 22. Rd2 O-O 23. Rf1 Be4 24. h3 Qc6 25. Qf2 f5 26. exf6 Bxf6 27. Bxf6 Rxd2
28. Qxd2 Rxf6 29. Qd4 Rf8 30. Rd1 Bf5 31. Qe5 Qc8 32. g4 hxg4 33. hxg4 Bc2 34.
Nxc2 Qc4 35. Rd7 1-0

[Event "NJSK 2019 Jeugd B"]
[Site "Assen, Netherlands"]
[Date "2019.04.28"]
[Round "1.4"]
[White "Van der Schaaf, Tristan"]
[Black "Maters, Arthur"]
[Result "1/2-1/2"]
[WhiteElo "1807"]
[BlackElo "2043"]
[PlyCount "81"]
[EventDate "2019.??.??"]

1. d4 Nf6 2. c4 g6 3. Nc3 d5 4. cxd5 Nxd5 5. e4 Nxc3 6. bxc3 Bg7 7. Nf3 c5 8.
Be2 O-O 9. O-O Bg4 10. Bb2 Nc6 11. d5 Ne5 12. Nxe5 Bxe2 13. Qxe2 Bxe5 14. f4
Bg7 15. c4 Bxb2 16. Qxb2 Qb6 17. Qxb6 axb6 18. a4 Ra6 19. Rf3 Rfa8 20. Rfa3 Kg7
21. g4 e6 22. Kf2 exd5 23. exd5 f5 24. gxf5 gxf5 25. Rg1+ Kf6 26. Rh3 Rh8 27.
Rh6+ Kf7 28. Rg5 Rxa4 29. Rxf5+ Kg7 30. Rxb6 Rb8 31. Rg5+ Kh8 32. d6 Rxc4 33.
Ke3 Ra8 34. Rd5 Ra3+ 35. Kd2 Raa4 36. Rxb7 Rd4+ 37. Rxd4 Rxd4+ 38. Ke3 Rxd6 39.
Rc7 Rd5 40. Ke4 Rh5 41. f5 1/2-1/2

[Event "NJSK 2019 Jeugd B"]
[Site "Assen, Netherlands"]
[Date "2019.04.28"]
[Round "1.7"]
[White "Shakhverdian, William"]
[Black "Broersma, Sven"]
[Result "1-0"]
[WhiteElo "1949"]
[BlackElo "1617"]
[PlyCount "85"]
[EventDate "2019.??.??"]

1. e4 c5 2. Nf3 d6 3. d4 cxd4 4. Nxd4 Nf6 5. Nc3 g6 6. f3 Bg7 7. Be3 O-O 8. Qd2
Nc6 9. O-O-O d5 10. Qe1 e5 11. Nxc6 bxc6 12. exd5 Nxd5 13. Bc4 Be6 14. g4 h6
15. h4 a5 16. g5 h5 17. Bc5 Re8 18. Ne4 Qc7 19. Rh2 Red8 20. Rhd2 Rd7 21. Qf2
Rb8 22. Bb3 Ra8 23. c4 Nf4 24. Rxd7 Bxd7 25. Bb6 Qb7 26. Nd6 Qa6 27. c5 Nd3+
28. Rxd3 Qxd3 29. Bxf7+ Kh7 30. Bc4 Qd4 31. Qxd4 exd4 32. Bd3 Be6 33. Be4 Bd5
34. Bxd5 cxd5 35. c6 Be5 36. Nb5 Rb8 37. Bc7 Bxc7 38. Nxc7 Rc8 39. Nxd5 Rxc6+
40. Kd2 Rd6 41. Nf4 Rd7 42. Ne6 d3 43. Nf8+ 1-0

[Event "NJSK 2019 Jeugd B"]
[Site "Assen, Netherlands"]
[Date "2019.04.29"]
[Round "2.1"]
[White "Verheul, Job"]
[Black "Hilwerda, Jonas"]
[Result "0-1"]
[WhiteElo "1605"]
[BlackElo "2312"]
[PlyCount "104"]
[EventDate "2019.??.??"]

1. e4 e5 2. Nf3 Nc6 3. Bb5 a6 4. Ba4 Nf6 5. d3 d6 6. c3 g6 7. O-O Bg7 8. Nbd2
O-O 9. Re1 Nd7 10. Nf1 Nc5 11. Bxc6 bxc6 12. d4 exd4 13. Nxd4 Bd7 14. Qc2 Re8
15. Bf4 Ne6 16. Nxe6 Bxe6 17. Ng3 Qd7 18. Rad1 Qe7 19. Be3 c5 20. h3 Reb8 21.
Ra1 a5 22. f4 a4 23. f5 Bc4 24. Qf2 Be5 25. Bf4 Bxf4 26. Qxf4 Qe5 27. Qf2 Kg7
28. a3 Rb7 29. Rad1 Re8 30. Rd2 Rbb8 31. Qf3 Qf6 32. Rf2 Re5 33. fxg6 Qxf3 34.
gxf3 hxg6 35. Kh2 f6 36. Rg1 Kf7 37. Nf1 Rh8 38. Rg3 Be6 39. Ne3 Reh5 40. Ng4
f5 41. exf5 gxf5 42. Kg1 R5h7 43. Nh2 Rxh3 44. Rxh3 Rxh3 45. Kf1 Bc4+ 46. Ke1
Ke6 47. Kd2 Ke5 48. Ke3 d5 49. Nf1 d4+ 50. Kd2 Kf4 51. cxd4 cxd4 52. Ke1 Rh1
0-1

[Event "NJSK 2019 Jeugd B"]
[Site "Assen, Netherlands"]
[Date "2019.04.29"]
[Round "2.2"]
[White "Bruil, Rembrandt"]
[Black "Elgersma, Onno"]
[Result "1/2-1/2"]
[WhiteElo "2178"]
[BlackElo "2174"]
[PlyCount "126"]
[EventDate "2019.??.??"]

1. d4 Nf6 2. Nf3 d5 3. c4 e6 4. cxd5 exd5 5. Bg5 c6 6. Nc3 Be7 7. Qc2 O-O 8. e3
Nbd7 9. Bd3 Re8 10. O-O Nf8 11. h3 g6 12. Bxf6 Bxf6 13. b4 a6 14. a4 Ne6 15.
Rfc1 Qd6 16. Qb3 a5 17. b5 Rd8 18. bxc6 bxc6 19. Rab1 Bd7 20. Qc2 Rab8 21. Nd2
Rdc8 22. Rxb8 Rxb8 23. Nb3 Bd8 24. Rb1 Bc7 25. f4 c5 26. dxc5 Nxc5 27. Nd4
Rxb1+ 28. Qxb1 Nxa4 29. Ncb5 Bxb5 30. Qxb5 Nc5 31. Bc2 Ne6 32. Qc6 Nxd4 33.
Qxd6 Bxd6 34. exd4 Bxf4 35. Kf2 Kf8 36. Bb3 Ke7 37. Bxd5 a4 38. Kf3 Bd6 39. g4
f5 40. gxf5 gxf5 41. Bc4 a3 42. Ke3 Kf6 43. Kf3 Kg5 44. Ba2 Kh4 45. Kg2 h5 46.
Bb3 Bc7 47. Ba2 Bb6 48. d5 Bc7 49. Bb3 f4 50. Ba2 f3+ 51. Kxf3 Kxh3 52. d6 Bxd6
53. Be6+ Kh2 54. Bd5 Kg1 55. Bc4 Kh2 56. Bd5 Be7 57. Bc4 Bg5 58. Bd5 h4 59. Kg4
h3 60. Ba2 Bf4 61. Bb3 Bg3 62. Ba2 Kg2 63. Bd5+ Kh2 1/2-1/2

[Event "NJSK 2019 Jeugd B"]
[Site "Assen, Netherlands"]
[Date "2019.04.29"]
[Round "2.3"]
[White "Maters, Arthur"]
[Black "Shakhverdian, William"]
[Result "1-0"]
[WhiteElo "2043"]
[BlackElo "1949"]
[PlyCount "71"]
[EventDate "2019.??.??"]

1. e4 e5 2. Bc4 Bc5 3. d3 Nc6 4. Nc3 d6 5. Qh5 g6 6. Qd1 h6 7. Nf3 Be6 8. Bxe6
fxe6 9. Na4 Bb6 10. O-O Qf6 11. Nxb6 axb6 12. Be3 Nge7 13. d4 exd4 14. Nxd4
Nxd4 15. Bxd4 e5 16. Bc3 g5 17. a4 h5 18. a5 bxa5 19. Bxa5 b6 20. Bd2 Rxa1 21.
Qxa1 Ng6 22. Qa4+ Ke7 23. Qc6 Rc8 24. Be3 Kd8 25. Rd1 Ne7 26. Qb5 Rb8 27. c4
Kc8 28. b4 Qg6 29. Qa4 Kd8 30. c5 Nc8 31. Qc6 bxc5 32. bxc5 Qg7 33. cxd6 cxd6
34. Bd2 Rb6 35. Ba5 Qb7 36. Qxb7 1-0

[Event "NJSK 2019 Jeugd B"]
[Site "Assen, Netherlands"]
[Date "2019.04.29"]
[Round "2.4"]
[White "Grutter, Tim"]
[Black "Honkoop, Gilian"]
[Result "1-0"]
[WhiteElo "2029"]
[BlackElo "2038"]
[PlyCount "85"]
[EventDate "2019.??.??"]

1. e4 e5 2. Nf3 Nc6 3. Bc4 Nf6 4. d3 Bc5 5. O-O d6 6. Nbd2 a6 7. c3 Ba7 8. Bb3
Be6 9. Re1 O-O 10. h3 Ne7 11. d4 Ng6 12. Bxe6 fxe6 13. dxe5 dxe5 14. Qb3 Qe7
15. Nf1 Nh5 16. N1h2 Nhf4 17. Be3 c6 18. Rad1 b5 19. c4 Rad8 20. Qc2 Bxe3 21.
fxe3 Qc5 22. b4 Qa7 23. c5 Nh5 24. Rxd8 Rxd8 25. Rd1 Qc7 26. Ng4 Rxd1+ 27. Qxd1
Nf6 28. Qb3 Nf8 29. Ngxe5 Nxe4 30. Qd3 Nf6 31. Qd6 Qxd6 32. cxd6 Nd5 33. d7
Nxd7 34. Nxd7 Nxb4 35. Nc5 Kf7 36. Nd4 e5 37. a3 exd4 38. axb4 dxe3 39. Kf1 Kf6
40. Ke2 Ke5 41. Kxe3 Kd5 42. Nxa6 Kc4 43. Ke4 1-0

[Event "NJSK 2019 Jeugd B"]
[Site "Assen, Netherlands"]
[Date "2019.04.29"]
[Round "2.5"]
[White "Roothaan, Elmar"]
[Black "Van der Schaaf, Tristan"]
[Result "1/2-1/2"]
[WhiteElo "1711"]
[BlackElo "1807"]
[PlyCount "128"]
[EventDate "2019.??.??"]

1. d4 Nf6 2. Nf3 e6 3. g3 d5 4. Bg2 Be7 5. O-O O-O 6. Re1 Nbd7 7. c3 Ne4 8. Bf4
c5 9. h4 Qb6 10. Qb3 c4 11. Qc2 h6 12. Nbd2 g5 13. hxg5 hxg5 14. Nxe4 gxf4 15.
Neg5 f5 16. gxf4 Nf6 17. Ne5 Kg7 18. f3 Nh5 19. e3 Qd8 20. Kf2 Bxg5 21. fxg5
Qxg5 22. Rh1 Qg3+ 23. Kf1 Qg5 24. Rh3 f4 25. e4 Kf6 26. Kf2 Rg8 27. Ng4+ Ke7
28. e5 Rh8 29. Rah1 Bd7 30. Nf6 Be8 31. b3 Bg6 32. Qb2 Bf5 33. Rxh5 Qg3+ 34.
Kg1 Qe1+ 35. Bf1 Rag8+ 36. Ng4 Rxh5 37. Rxh5 Bxg4 38. Rh7+ Ke8 39. Qg2 Qe3+ 40.
Kh2 Qxf3 41. Qxf3 Bxf3 42. Rxb7 Rg3 43. Rxa7 cxb3 44. axb3 Bd1 45. c4 Bxb3 46.
c5 Rc3 47. c6 Bc4 48. Ra8+ Ke7 49. c7 Bxf1 50. c8=Q Rxc8 51. Rxc8 f3 52. Rc7+
Ke8 53. Kg3 Be2 54. Rh7 Kf8 55. Rh6 Ke7 56. Rf6 Kd7 57. Kh4 Bd1 58. Kg3 Be2 59.
Rxf3 Bxf3 60. Kxf3 Kc6 61. Kg4 Kb5 62. Kg5 Kc4 63. Kf6 Kxd4 64. Kxe6 Kc4
1/2-1/2

[Event "NJSK 2019 Jeugd B"]
[Site "Assen, Netherlands"]
[Date "2019.04.29"]
[Round "2.6"]
[White "Albertus, Bram"]
[Black "Albers, Sasa"]
[Result "1/2-1/2"]
[WhiteElo "1887"]
[BlackElo "1690"]
[PlyCount "106"]
[EventDate "2019.??.??"]

1. c4 Nf6 2. g3 e6 3. Bg2 d5 4. Nf3 c6 5. d4 Nbd7 6. O-O Bd6 7. Bf4 Bxf4 8.
gxf4 Nf8 9. e3 Ng6 10. Nbd2 h5 11. Ne5 Ne7 12. Ndf3 Ne4 13. Qc2 f6 14. Nd3 O-O
15. Kh1 b6 16. b3 Bd7 17. Rg1 c5 18. dxc5 bxc5 19. Nh4 Rc8 20. cxd5 exd5 21.
Bxe4 dxe4 22. Nxc5 Be8 23. Ne6 Rxc2 24. Nxd8 Bd7 25. Nb7 Rxf2 26. Nc5 Bg4 27.
Nxe4 Bf3+ 28. Nxf3 Rxf3 29. Rg3 Rxg3 30. hxg3 Nf5 31. Re1 Re8 32. Nc3 Nxg3+ 33.
Kg2 Rc8 34. Kxg3 Rxc3 35. Re2 Kh7 36. Kf3 g5 37. fxg5 fxg5 38. Rd2 Rc7 39. Rd6
g4+ 40. Kf4 Rf7+ 41. Kg3 Rf3+ 42. Kh4 g3 43. Rd5 Rxe3 44. Rxh5+ Kg6 45. Rg5+
Kf6 46. Rxg3 Rxg3 47. Kxg3 Ke5 48. Kf3 Kd4 49. Ke2 Kc3 50. Ke3 a5 51. Ke4 a4
52. bxa4 Kb4 53. Kd3 Kxa4 1/2-1/2

[Event "NJSK 2019 Jeugd B"]
[Site "Assen, Netherlands"]
[Date "2019.04.29"]
[Round "2.7"]
[White "Broersma, Sven"]
[Black "Cchung, Chi Yun"]
[Result "0-1"]
[WhiteElo "1617"]
[BlackElo "1836"]
[PlyCount "62"]
[EventDate "2019.??.??"]

1. d4 Nf6 2. c4 g6 3. Nc3 Bg7 4. e4 d6 5. Nge2 O-O 6. Ng3 e5 7. d5 Nbd7 8. Be2
a5 9. h4 Nc5 10. h5 c6 11. hxg6 fxg6 12. Bg5 cxd5 13. Nxd5 Be6 14. Nxf6+ Bxf6
15. Bxf6 Qxf6 16. O-O Rad8 17. Rc1 Qg5 18. Rc3 h5 19. Nxh5 Nxe4 20. Re3 Nxf2
21. Qb3 Ng4 22. Bxg4 Rxf1+ 23. Kxf1 Rf8+ 24. Rf3 Qxg4 25. Rxf8+ Kxf8 26. Qxb7
Qxh5 27. Qb8+ Ke7 28. Qc7+ Bd7 29. Qxa5 Qd1+ 30. Kf2 Qd4+ 31. Kg3 Qf4# 0-1

[Event "NJSK 2019 Jeugd B"]
[Site "Assen, Netherlands"]
[Date "2019.04.29"]
[Round "2.8"]
[White "Gevorkjan, Lewon"]
[Black "Van Wijngaarden, Frank"]
[Result "1/2-1/2"]
[WhiteElo "1808"]
[BlackElo "1774"]
[PlyCount "136"]
[EventDate "2019.??.??"]

1. Nf3 d5 2. e3 c5 3. c4 d4 4. b4 cxb4 5. Nxd4 e5 6. Nf3 Nc6 7. Bb2 Bg4 8. Be2
Qa5 9. O-O Nf6 10. d4 e4 11. Nfd2 Bxe2 12. Qxe2 Qg5 13. f4 Qg6 14. d5 Nb8 15.
a3 Nbd7 16. Nb3 Be7 17. axb4 Bxb4 18. Bc3 Be7 19. Bd4 O-O 20. Nc3 a6 21. c5 Ng4
22. f5 Qg5 23. Nxe4 Qh4 24. h3 Ngf6 25. Rf4 Qh6 26. d6 Bd8 27. Nc3 Re8 28. Rf3
Rc8 29. e4 Ne5 30. Re3 Nfd7 31. Nd5 Nc6 32. Bc3 Nce5 33. Bxe5 Rxe5 34. Rc3 Bf6
35. Nxf6+ Qxf6 36. Re1 h6 37. Qd2 Qh4 38. Qe3 Rce8 39. Rc4 Rxf5 40. Nd4 Rf6 41.
Nf3 Qg3 42. Re2 Rf4 43. Nd2 Qxe3+ 44. Rxe3 Rf5 45. Rec3 Rf6 46. Rb4 Rb8 47. Nb3
b6 48. c6 Rxd6 49. cxd7 Rxd7 50. Rc6 Rd1+ 51. Kh2 Rb1 52. Rbxb6 Rxb6 53. Rxb6
a5 54. Rb7 a4 55. Nc5 Rxb7 56. Nxb7 a3 57. Nc5 a2 58. Nb3 Kf8 59. Kg3 Ke7 60.
Kf3 Ke6 61. Ke3 Ke5 62. g3 h5 63. Na1 g6 64. Nb3 f5 65. exf5 gxf5 66. Na1 h4
67. gxh4 Kf6 68. Kf4 Kg6 1/2-1/2

[Event "NJSK 2019 Jeugd B"]
[Site "Assen, Netherlands"]
[Date "2019.04.30"]
[Round "3.1"]
[White "Hilwerda, Jonas"]
[Black "Bruil, Rembrandt"]
[Result "0-1"]
[WhiteElo "2312"]
[BlackElo "2178"]
[PlyCount "116"]
[EventDate "2019.??.??"]

1. e4 c5 2. Nf3 Nc6 3. Bb5 g6 4. Bxc6 bxc6 5. O-O Bg7 6. Re1 Nh6 7. c3 O-O 8.
h3 f5 9. e5 Nf7 10. d3 Rb8 11. Na3 d6 12. exd6 exd6 13. d4 cxd4 14. Nxd4 Bd7
15. f4 Re8 16. Nf3 Qb6+ 17. Kh2 Rxe1 18. Qxe1 Re8 19. Qg1 d5 20. Qxb6 axb6 21.
Nc2 c5 22. Be3 Ba4 23. Nfe1 Nd6 24. Rd1 Nc4 25. Bc1 Bxc2 26. Nxc2 Re2 27. Ne1
Nxb2 28. Bxb2 Rxb2 29. Rxd5 Bxc3 30. Nf3 Bf6 31. Rd6 Kf7 32. Rc6 Ke7 33. a4 Rb4
34. a5 bxa5 35. Rxc5 a4 36. Kg3 a3 37. Ra5 Rb3 38. Ra7+ Kd8 39. Kh2 Bc3 40. Ng5
Bd2 41. Ne6+ Kc8 42. Ra4 Bb4 43. Nd4 Rb2 44. Nc2 Rxc2 45. Rxb4 a2 46. Ra4 Kb7
47. Kg3 Kb6 48. Kh4 Kb5 49. Ra8 Kb4 50. g4 fxg4 51. hxg4 Kb3 52. f5 gxf5 53.
gxf5 Kb2 54. Rb8+ Kc1 55. Ra8 Kb1 56. Kg5 a1=Q 57. Rxa1+ Kxa1 58. Kh6 Rf2 0-1

[Event "NJSK 2019 Jeugd B"]
[Site "Assen, Netherlands"]
[Date "2019.04.30"]
[Round "3.2"]
[White "Elgersma, Onno"]
[Black "Maters, Arthur"]
[Result "1-0"]
[WhiteElo "2174"]
[BlackElo "2043"]
[PlyCount "81"]
[EventDate "2019.??.??"]

1. e4 c5 2. Nc3 d6 3. Nge2 Nf6 4. g3 e5 5. Bg2 Be7 6. O-O O-O 7. d3 Be6 8. f4
Bg4 9. h3 Bxe2 10. Nxe2 Nc6 11. c3 d5 12. fxe5 Nxe5 13. Rf5 Ng6 14. exd5 Qd7
15. Qf1 Bd6 16. c4 Rae8 17. Rf3 Nh5 18. g4 Nh4 19. gxh5 Nxf3+ 20. Bxf3 Qf5 21.
Be4 Qxh5 22. Bf4 Bxf4 23. Nxf4 Qg5+ 24. Kh1 Qe5 25. Qf2 b5 26. Bg2 g5 27. Nh5
f5 28. h4 h6 29. Rg1 bxc4 30. dxc4 a5 31. Qd2 f4 32. Qc2 Qd6 33. Bf3 Re3 34.
Qg2 Rf5 35. Qh3 Qg6 36. Qg4 Kh7 37. d6 Rf8 38. d7 Rd8 39. Nxf4 Qf7 40. hxg5 h5
41. g6+ 1-0

[Event "NJSK 2019 Jeugd B"]
[Site "Assen, Netherlands"]
[Date "2019.04.30"]
[Round "3.3"]
[White "Shakhverdian, William"]
[Black "Grutter, Tim"]
[Result "1/2-1/2"]
[WhiteElo "1949"]
[BlackElo "2029"]
[PlyCount "111"]
[EventDate "2019.??.??"]

1. e4 c5 2. Nf3 e6 3. d4 cxd4 4. Nxd4 Nc6 5. Nc3 Qc7 6. Be3 a6 7. Qf3 Bd6 8.
O-O-O Be5 9. Nxc6 bxc6 10. Bd4 Bxd4 11. Rxd4 Ne7 12. Qg3 Qxg3 13. hxg3 d5 14.
Rd2 a5 15. exd5 cxd5 16. Bb5+ Bd7 17. g4 a4 18. Rd4 Bxb5 19. Nxb5 Kd7 20. Nc3
a3 21. b3 e5 22. Ra4 Rxa4 23. Nxa4 Kc6 24. Nc3 h6 25. Nb1 Ra8 26. Re1 f6 27. c3
Ng6 28. Kc2 Kb5 29. Rd1 Ne7 30. g3 Kc6 31. b4 Nc8 32. Kb3 Nd6 33. Nxa3 Ne4 34.
f3 Nxg3 35. Nc2 h5 36. gxh5 Nxh5 37. a4 Nf4 38. b5+ Kc5 39. Nb4 Rc8 40. b6 Kxb6
41. Nxd5+ Nxd5 42. Rxd5 Kc6 43. Kc4 Rh8 44. Rc5+ Kd6 45. Rd5+ Kc6 46. Rc5+ Kd6
47. Rd5+ Ke6 48. Rd3 f5 49. a5 g5 50. Kc5 e4 51. fxe4 fxe4 52. Rd5 Ra8 53. Kd4
e3 54. Rxg5 e2 55. Re5+ Kd6 56. Rxe2 1/2-1/2

[Event "NJSK 2019 Jeugd B"]
[Site "Assen, Netherlands"]
[Date "2019.04.30"]
[Round "3.4"]
[White "Cchung, Chi Yun"]
[Black "Verheul, Job"]
[Result "1-0"]
[WhiteElo "1836"]
[BlackElo "1605"]
[PlyCount "63"]
[EventDate "2019.??.??"]

1. e4 c6 2. d4 d5 3. Nc3 dxe4 4. Nxe4 Nd7 5. Bc4 Ngf6 6. Ng5 e6 7. Qe2 Nb6 8.
Bb3 h6 9. N5f3 Bd6 10. Ne5 O-O 11. Ngf3 c5 12. dxc5 Bxc5 13. O-O Nbd7 14. c3
Nxe5 15. Nxe5 Qe7 16. Bf4 b6 17. Rad1 Bb7 18. Rfe1 Rad8 19. Bc2 Rxd1 20. Rxd1
Rd8 21. Re1 Nd5 22. Bg3 Nf6 23. Bh4 Qd6 24. Rd1 Qe7 25. Ng4 Rxd1+ 26. Qxd1 Ba8
27. Nxf6+ gxf6 28. Qd3 Qb7 29. Qh7+ Kf8 30. Qh8+ Ke7 31. Bxf6+ Kd6 32. Qd8+ 1-0

[Event "NJSK 2019 Jeugd B"]
[Site "Assen, Netherlands"]
[Date "2019.04.30"]
[Round "3.6"]
[White "Van der Schaaf, Tristan"]
[Black "Gevorkjan, Lewon"]
[Result "1-0"]
[WhiteElo "1807"]
[BlackElo "1808"]
[PlyCount "214"]
[EventDate "2019.??.??"]

1. d4 e6 2. c4 b6 3. Nc3 Bb7 4. Nf3 Nf6 5. Qc2 c5 6. e4 cxd4 7. Nxd4 Bc5 8. Nb3
Nc6 9. Bg5 h6 10. Bh4 Be7 11. Be2 O-O 12. O-O Rc8 13. f3 Ba6 14. Nb5 Bxb5 15.
cxb5 Ne5 16. Qd1 Ng6 17. Bf2 Nf4 18. Nd4 Bc5 19. a3 Ne8 20. b4 Qg5 21. g3 Nh3+
22. Kg2 Nxf2 23. Rxf2 Bxd4 24. Qxd4 Nc7 25. f4 Qe7 26. a4 d5 27. e5 Qd7 28. Bd3
g6 29. Rc1 Na8 30. Qb2 Rcd8 31. Rc6 Qe7 32. Rfc2 Rfe8 33. Rc1 Qf8 34. Qd4 Qg7
35. h3 Kh8 36. a5 Qf8 37. g4 Qe7 38. Kh2 Rg8 39. Rd6 h5 40. Kg3 Kh7 41. Rxd8
Qxd8 42. gxh5 Kg7 43. hxg6 Rh8 44. Rh1 fxg6 45. h4 Qc7 46. Rg1 Kf7 47. Kf3 Rxh4
48. Bxg6+ Kf8 49. axb6 axb6 50. Ra1 Qc8 51. Ra7 Qc1 52. Ra1 Qc8 53. Kg3 Rh6 54.
Qd3 Rxg6+ 55. Qxg6 Qc3+ 56. Kg4 Qxa1 57. Qf6+ Kg8 58. Qxe6+ Kg7 59. Qe7+ Kh6
60. Qg5+ Kh7 61. Qe7+ Kh6 62. Qg5+ Kh7 63. Kf5 Qa7 64. Kf6 Kh8 65. e6 Qh7 66.
e7 Nc7 67. Ke5 Qe4+ 68. Kd6 Ne8+ 69. Kd7 Ng7 70. Qh6+ Kg8 71. Qxb6 Qf5+ 72. Kd8
Qf7 73. Qc6 Kh7 74. e8=Q Nxe8 75. Qxe8 Qxe8+ 76. Kxe8 d4 77. b6 d3 78. b7 d2
79. b8=Q d1=Q 80. Qc7+ Kh8 81. Kf8 Qg4 82. Qe5+ Kh7 83. Qe7+ Kh8 84. Qf6+ Kh7
85. Qe7+ Kh8 86. Qe5+ Kh7 87. Qc7+ Kh8 88. Qc3+ Kh7 89. Qc2+ Kh6 90. Qc6+ Kh7
91. Qe4+ Kh6 92. Qh1+ Kg6 93. Qe4+ Kh6 94. Ke7 Qg7+ 95. Kd6 Qf8+ 96. Kd5 Qa8+
97. Kd4 Qa7+ 98. Kc4 Qc7+ 99. Kb5 Qb8+ 100. Ka4 Qa7+ 101. Kb3 Qf7+ 102. Qc4 Qf5
103. Qc6+ Kg7 104. Qc7+ Kh6 105. Qd6+ Kh7 106. Qe7+ Kh6 107. Qc7 Qf7+ 1-0

[Event "NJSK 2019 Jeugd B"]
[Site "Assen, Netherlands"]
[Date "2019.04.30"]
[Round "3.7"]
[White "Van Wijngaarden, Frank"]
[Black "Albertus, Bram"]
[Result "0-1"]
[WhiteElo "1774"]
[BlackElo "1887"]
[PlyCount "78"]
[EventDate "2019.??.??"]

1. e4 c5 2. Be2 Nc6 3. f4 e6 4. Nf3 d5 5. d3 b6 6. O-O Be7 7. e5 h5 8. c4 d4 9.
Nbd2 Nh6 10. Ne4 Nf5 11. a3 Bb7 12. g3 Qd7 13. Ne1 g6 14. Bd2 a5 15. Qc1 a4 16.
Bd1 Na5 17. b4 axb3 18. Bxa5 Rxa5 19. Bxb3 h4 20. gxh4 Rxh4 21. Nf3 Rg4+ 22.
Kf2 Ne3 23. h3 Rxf4 24. Kg3 Rxe4 25. dxe4 Nxf1+ 26. Qxf1 Bxe4 27. a4 d3 28. Nd2
Qd4 29. Re1 Bh4+ 30. Kxh4 Bg2+ 31. Re4 Qxe4+ 32. Nxe4 Bxf1 33. Kg3 Ra8 34. Nd2
Be2 35. Kf2 Ke7 36. Ne4 Rh8 37. Nd6 Rxh3 38. Nc8+ Kd8 39. Nxb6 d2 0-1

[Event "NJSK 2019 Jeugd B"]
[Site "Assen, Netherlands"]
[Date "2019.04.30"]
[Round "3.8"]
[White "Honkoop, Gilian"]
[Black "Broersma, Sven"]
[Result "1-0"]
[WhiteElo "2038"]
[BlackElo "1617"]
[PlyCount "43"]
[EventDate "2019.??.??"]

1. d4 Nf6 2. Bf4 g6 3. Nc3 d5 4. e3 Bg7 5. h4 h5 6. Nf3 O-O 7. Ne5 c5 8. Qd2
cxd4 9. exd4 Nc6 10. Be2 Qb6 11. O-O-O Rd8 12. f3 Be6 13. Nxc6 Qxc6 14. g4 a6
15. Be5 hxg4 16. fxg4 Bxg4 17. Bxf6 Bxe2 18. Bxg7 Bxd1 19. Qh6 f5 20. Rxd1 Rac8
21. Rg1 Rd6 22. Be5 1-0

[Event "NJSK 2019 Jeugd B"]
[Site "Assen, Netherlands"]
[Date "2019.05.01"]
[Round "4.3"]
[White "Albers, Sasa"]
[Black "Hilwerda, Jonas"]
[Result "1/2-1/2"]
[WhiteElo "1690"]
[BlackElo "2312"]
[PlyCount "98"]
[EventDate "2019.??.??"]

1. e4 e5 2. Nf3 Nc6 3. Bb5 a6 4. Ba4 Nf6 5. O-O Be7 6. Re1 b5 7. Bb3 d6 8. c3
O-O 9. d3 Na5 10. Bc2 c5 11. Nbd2 Nc6 12. Nf1 h6 13. Ng3 Be6 14. a4 Qc7 15. h3
b4 16. Nh2 d5 17. Ng4 dxe4 18. Nxf6+ Bxf6 19. Nxe4 Be7 20. Re3 f5 21. Nd2 Bg5
22. Re1 Rad8 23. Bb3 Qf7 24. Bxe6 Qxe6 25. Nc4 Bxc1 26. Rxc1 Qd5 27. Qe2 Rfe8
28. Rcd1 Rb8 29. f4 exf4 30. Qxe8+ Rxe8 31. Rxe8+ Kf7 32. Ree1 g5 33. Rf1 Ne7
34. Nd2 bxc3 35. bxc3 Qxd3 36. Nf3 Qxc3 37. Rfe1 Nc6 38. Rd7+ Kf8 39. Re6 Nd4
40. Nxd4 cxd4 41. Red6 Qa1+ 42. Kh2 Qxa4 43. Ra7 Qa5 44. Rc6 Qd8 45. Rcxa6 Qd5
46. Ra8+ Kf7 47. R8a7+ Ke8 48. Rg6 d3 49. Rgg7 f3 1/2-1/2

[Event "NJSK 2019 Jeugd B"]
[Site "Assen, Netherlands"]
[Date "2019.05.01"]
[Round "4.7"]
[White "Verheul, Job"]
[Black "Van Wijngaarden, Frank"]
[Result "1/2-1/2"]
[WhiteElo "1605"]
[BlackElo "1774"]
[PlyCount "91"]
[EventDate "2019.??.??"]

1. e4 c5 2. c3 d5 3. exd5 Qxd5 4. d4 Nc6 5. Nf3 Bg4 6. Be2 Nf6 7. O-O Rd8 8.
Be3 cxd4 9. Nxd4 e5 10. Nxc6 Qxc6 11. Qc2 Bd6 12. Bg5 Bxe2 13. Qxe2 O-O 14. Nd2
Bc7 15. Qf3 e4 16. Qe2 Rfe8 17. Qc4 Qd6 18. g3 Rc8 19. Qd4 Qe6 20. Bxf6 gxf6
21. Qc4 Qg4 22. Kg2 Bxg3 23. Qxc8 Rxc8 24. fxg3 Rd8 25. Nb3 Kg7 26. Nd4 Rd5 27.
Rf4 Qg6 28. Re1 Re5 29. Re3 f5 30. Rf1 Qg5 31. Rf4 h5 32. Kg1 h4 33. Nf3 exf3
34. Rxe5 hxg3 35. Rxf3 Qc1+ 36. Kg2 gxh2 37. Kxh2 Qd2+ 38. Kh3 Qh6+ 39. Kg2
Qd2+ 40. Kh3 Qd1 41. Rexf5 Qd7 42. Kg3 Qd6+ 43. R3f4 Qd3+ 44. Rf3 Qd6+ 45. Kg4
Qe6 46. Kg5 1/2-1/2

[Event "NJSK 2019 Jeugd B"]
[Site "Assen, Netherlands"]
[Date "2019.05.02"]
[Round "5.1"]
[White "Grutter, Tim"]
[Black "Bruil, Rembrandt"]
[Result "1-0"]
[WhiteElo "2029"]
[BlackElo "2178"]
[PlyCount "73"]
[EventDate "2019.??.??"]

1. e4 c5 2. Nc3 Nc6 3. Bb5 Nd4 4. Bc4 d6 5. Nge2 g6 6. Nxd4 cxd4 7. Ne2 Bg7 8.
d3 e5 9. O-O Nf6 10. f4 O-O 11. Qe1 a6 12. Qh4 Qb6 13. fxe5 dxe5 14. Bg5 Ng4
15. Be7 Bd7 16. Bxf8 Rxf8 17. Rxf7 Rxf7 18. Qe7 Qf6 19. Qxd7 Ne3 20. Qxf7+ Qxf7
21. Bxf7+ Kxf7 22. c3 Ke7 23. Rc1 Kd7 24. h3 Bf6 25. Kf2 h5 26. cxd4 exd4 27.
Nf4 Bg5 28. Kf3 Nxg2 29. Kxg2 Bxf4 30. Rf1 Bg5 31. Rf7+ Be7 32. Rg7 g5 33. Rh7
h4 34. Kf3 Ke6 35. Kg4 b5 36. Rxe7+ Kxe7 37. Kxg5 1-0

[Event "NJSK 2019 Jeugd B"]
[Site "Assen, Netherlands"]
[Date "2019.05.02"]
[Round "5.2"]
[White "Hilwerda, Jonas"]
[Black "Shakhverdian, William"]
[Result "1-0"]
[WhiteElo "2312"]
[BlackElo "1949"]
[PlyCount "101"]
[EventDate "2019.??.??"]

1. e4 e5 2. Nf3 Nc6 3. Nc3 Nf6 4. Bb5 Bc5 5. O-O d6 6. d4 exd4 7. Nxd4 Bd7 8.
Nf5 Bxf5 9. exf5 O-O 10. Bg5 Nd4 11. Ne4 Nxb5 12. Nxf6+ gxf6 13. Bh6 Kh8 14.
Bxf8 Qxf8 15. a4 Nd4 16. b4 Nxf5 17. bxc5 dxc5 18. Rb1 b6 19. c3 Qg7 20. Kh1
Rg8 21. g3 Qh6 22. Qf3 Qh3 23. Rfe1 Rg6 24. Re4 Nd6 25. Re2 Rh6 26. Qg2 Qg4 27.
f3 Qc4 28. Re7 Qd3 29. Rc1 Nf5 30. Re8+ Kg7 31. Qf2 Qd6 32. Kg2 Rg6 33. Rce1
Qd3 34. R1e4 Qxc3 35. Ra8 a5 36. Ra7 Nd6 37. Re3 Qd4 38. Rxc7 Qxa4 39. Ree7 Qc4
40. Qd2 Nf5 41. Rxf7+ Qxf7 42. Rxf7+ Kxf7 43. Qd5+ Ke7 44. Qxf5 Kd6 45. Kf2 Kc6
46. Ke3 a4 47. Kd3 Kb5 48. Kc3 Rg8 49. Qd7+ Ka5 50. Kc4 Ka6 51. Qxa4+ 1-0